000 00950nmm a2200289 a 4500
001 ocm000746589
003 TR-IsHL
005 20201028153529.0
008 140402s2010 tu tur
007 cr cn
020 _a9789757747925
035 _a746589
_b(N$T)
050 0 4 _aHQ769
_b.C35 2010
090 0 4 _aHQ769
_b.C35 2010
100 1 _aÇakmaklı, Kemal
245 1 0 _aÇocuk yetiştirmek sanattır
_h[electronic resource] /
_cKemal Çakmaklı
260 _aİstanbul :
_bYağmur Yayınevi,
_c2010
300 _a467 p.
650 4 _aFelsefe, Psikoloji ve Din
650 4 _aPhilosophy, Psychology and Religion
650 0 _aÇocuk yetiştirme
650 0 _aChild rearing
650 0 _aÇocukların disiplini
650 0 _aDiscipline of children
650 7 _aFAMILY & RELATIONSHIPS / Parenting / Child Rearing
_2bisacsh
856 4 0 _uhttp://search.ebscohost.com/login.aspx?direct=true&scope=site&db=e011xww&AN=746589
999 _c12095
_d12095